000
00295nam a22001337a 4500
008
181017b xxu||||| |||| 00| 0 eng d
020
_a
9780130941558
041
_a
eng
080
_a
610
100
_a
4
101
_a
NUR
245
_a
Geronntological Nursing
_c
Tabloski.P.A
942
_2
udc
_c
BK
999
_c
50079
_d
50079